Southville International School and Colleges
Your cart is empty.
  • Cart
  • Lists
    Public lists Eva Luna New books Lux_list list_1
    Your lists Log in to create your own lists
  • Log in to your account
  • Your cookies
  • Search history
Southville International School and Colleges
  • Advanced search
  • Recent comments
  • Most popular
  • Libraries

Log in to your account

Log in with GOOGLE


If you do not have an external account, but do have a local account, you can still log in:

  1. Home
  2. MARC view: Differentiating for the young child :
Normal view MARC view ISBD view

Differentiating for the young child : (Record no. 24781)

[ view plain ]
MARC details
000 -LEADER
fixed length control field 00743nam a2200229 a 4500
005 - DATE AND TIME OF LATEST TRANSACTION
control field 20140310183540.0
008 - FIXED-LENGTH DATA ELEMENTS--GENERAL INFORMATION
fixed length control field 111111s19uu xx 00 eng d
020 ## - INTERNATIONAL STANDARD BOOK NUMBER
International Standard Book Number 9781412975568
050 ## - LIBRARY OF CONGRESS CALL NUMBER
Classification number LB 1523
Item number .Sm59 2010
100 ## - MAIN ENTRY--PERSONAL NAME
Personal name Smutny, Joan F.
245 ## - TITLE STATEMENT
Title Differentiating for the young child :
Remainder of title teaching strategies across the content areas, PreK-3 /
Statement of responsibility, etc Joan Franklin Smutny.
250 ## - EDITION STATEMENT
Edition statement 2nd ed.
260 ## - PUBLICATION, DISTRIBUTION, ETC. (IMPRINT)
Place of publication, distribution, etc California :
Name of publisher, distributor, etc Corwin Press,
Date of publication, distribution, etc 2010.
300 ## - PHYSICAL DESCRIPTION
Extent 261 p. :
Other physical details ill. ;
Dimensions 25 cm.
521 ## - TARGET AUDIENCE NOTE
Target audience note
650 ## - SUBJECT ADDED ENTRY--TOPICAL TERM
Topical term or geographic name as entry element Education, Primary
General subdivision Curricula
650 ## - SUBJECT ADDED ENTRY--TOPICAL TERM
Topical term or geographic name as entry element Early childhood education
General subdivision Curricula
650 ## - SUBJECT ADDED ENTRY--TOPICAL TERM
Topical term or geographic name as entry element Individualized instruction
650 ## - SUBJECT ADDED ENTRY--TOPICAL TERM
Topical term or geographic name as entry element Cognitive styles in children
942 ## - ADDED ENTRY ELEMENTS (KOHA)
Koha item type Books
Source of classification or shelving scheme Library of Congress Classification
Call number prefix Foreign
Holdings
Withdrawn status Lost status Source of classification or shelving scheme Damaged status Home library Current library Shelving location Date acquired Source of acquisition Cost, normal purchase price Total Checkouts Full call number Barcode Date last seen Copy number Price effective from Koha item type
    Library of Congress Classification   College Library College Library General Circulation Section 11/11/2011 Donation 3467.00   LB 1523 .Sm59 2010 C13248 05/15/2018 1 10/18/2013 Books

Differentiating for the young child :

APA

Smutny J. F., . (2010). Differentiating for the young child. California: Corwin Press.

Chicago

Smutny Joan F, . 2010. Differentiating for the young child. California: Corwin Press.

Harvard

Smutny J. F., . (2010). Differentiating for the young child. California: Corwin Press.

MLA

Smutny Joan F, . Differentiating for the young child. California: Corwin Press. 2010.

  • Place hold
  • Print
  • Cite
  • Add to your cart (remove)
  • Save record
    BIBTEX Dublin Core MARCXML MARC (non-Unicode/MARC-8) MARC (Unicode/UTF-8) MARC (Unicode/UTF-8, Standard) MODS (XML) RIS
  • More searches
    Search for this title in:
    Other Libraries (WorldCat) Other Databases (Google Scholar) Online Stores (Bookfinder.com) Open Library (openlibrary.org)

Exporting to Dublin Core...

SOUTHVILLE LIBRARY

Southville International School and Colleges Library

1281 Tropical Ave. Cor. Luxembourg St., BF Homes International, Las Pinas City

Tel. No. 8256374 / 252358 Loc. 117/146

Powered by Koha